Open Data Biblioteca Nacional de Portugal


República Portuguesa: Ministério da Cultura
Biblioteca Nacional de Portugal

Catálogo da BNP: acesso por Identificadores Unívocos
Registos Bibliográficos associados ao registo de autoridade

Etiqueta de registo: 00254nam 2200025 450
001 2289021
003 http://id.bnportugal.gov.pt/bib/catbnp/2289021
010 ## $a978-989-9292-25-3
021 ## $aPT$b552917/25
100 ## $a20260626d2026 c y0pory01030103ba
101 1# $apor$ceng
102 ## $aPT
105 ## $aa z 000yy
106 ## $ar
200 1# $a A Orquestra dos Animais toca Mozart$fSam Taplin$gil. Ag Jatkowska$gtrad. Filipa Resende
205 ## $a1ª ed
210 #9 $aLisboa$cJacarandá,$d2026
215 ## $a[10] p.$cil.$d22 cm
304 ## $aTít. orig.: The Animal Orchestra plays Mozart
700 #1 $aTaplin,$bSam$31488940
701 #1 $aJatkowska,$bAg $4440$32001903
702 #1 $92$aResende,$bFilipa$32001904
801 #0 $aPT$bBN$gRPC
966 ## $lBN$mFGMON$x1
966 ## $lBN$mFGMON$x1
971 ## $cssilva$d20260626

OpendataBNP@bnportugal.pt | Mais informação sobre acesso aos dados BNP